Joint Committee on the Protection of Plant Varities and Farmers' Rights Bill, 1999: Report (Record no. 491511)

000 -LEADER
fixed length control field 00632cam a22001577a 4500
008 - FIXED-LENGTH DATA ELEMENTS--GENERAL INFORMATION
fixed length control field 180718b2000 xxu||||| |||| 00| 0 eng d
082 ## - DEWEY DECIMAL CLASSIFICATION NUMBER
Classification number Z2x54 J668
100 ## - MAIN ENTRY--PERSONAL NAME
Personal name India. Lok Sabha. Joint Committee on the Protection of Plant Varities and Farmers' Rights Bill
245 ## - TITLE STATEMENT
Title Joint Committee on the Protection of Plant Varities and Farmers' Rights Bill, 1999: Report
Statement of responsibility, etc. By Lok Sabha Secretariat
260 ## - PUBLICATION, DISTRIBUTION, ETC.
Place of publication, distribution, etc. New Delhi
Name of publisher, distributor, etc. Lok Sabha Secretariat
Date of publication, distribution, etc. 2000
300 ## - PHYSICAL DESCRIPTION
Extent 124+p.
500 ## - GENERAL NOTE
General note Chairman: Sahib Singh Verma
650 ## - SUBJECT ADDED ENTRY--TOPICAL TERM
Topical term or geographic name entry element Plant varities - India
700 ## - ADDED ENTRY--PERSONAL NAME
Personal name Verma, Sahib Singh (Chairman)
700 ## - ADDED ENTRY--PERSONAL NAME
Personal name India. Lok Sabha Secretariat
Holdings
Withdrawn status Lost status Damaged status Not for loan Permanent Location Current Location Date acquired Full call number Barcode Date last seen Price effective from Koha item type
        Indian Institute of Public Administration Indian Institute of Public Administration 2018-08-04 Z2x54 J668 GG24407 2018-08-04 2018-08-04 GG

Powered by Koha